La otra reforma : desde la educación menemista al fin de siglo /
Guardado en:
| Autor Principal: | |
|---|---|
| Formato: | Libro |
| Publicado: |
Buenos Aires :
Galerna
|
| Materias: | |
| Etiquetas: |
Agregar Etiqueta
Sin Etiquetas, Sea el primero en etiquetar este registro!
|
| LEADER | 00860nam a22002175a 4500 | ||
|---|---|---|---|
| 001 | CEM.cems011838 | ||
| 005 | 20070629161544.0 | ||
| 008 | 130507b######################000#0#####d | ||
| 003 | CEMS | ||
| 020 | |a 9505563779 | ||
| 082 | 0 | 4 | |a 370.982 |
| 100 | 1 | |a Puiggrós, Adriana | |
| 245 | 1 | 0 | |a La otra reforma : |b desde la educación menemista al fin de siglo / |c Adriana Puiggrós |
| 260 | |a Buenos Aires : |b Galerna | ||
| 300 | |a 189 p. | ||
| 505 | 0 | |a La parábola del ajuste (1989-1997) -- ¿Cuándo empezó la debacle educativa en América Latina? -- Educación e integración regional -- La solución es la sensatez y el respeto por la gente | |
| 653 | |a Educación | ||
| 653 | |a Historia de la educación argentina | ||
| 653 | |a Educación argentina-historia | ||
| 653 | |a Educación y neoliberalismo | ||
| 859 | |a CEMS |b BIB. CEMS - 11 de abril |h 370.982 |i P964-2 |p 22759.05 |t Ej.1 | ||
